Harry Potter: la Plume de Dolores Ombrage - Statistiques

Statistiques générales
  • Ce quiz a été pris 71 fois
  • Le résultat moyen est 7 sur 8
Statistiques - réponses
Information Réponses % Correct
Propriétaire Dolores Ombrage
100%
Créatrice Dolores Ombrage
100%
Utilisateur connu Harry Potter
96%
Première apparition Harry Potter et l'Ordre du Phénix
91%
Dernière apparition Harry Potter et l'Ordre du Phénix
91%
Couleur Noir
82%
But Punir l'utilisateur
81%
Utilisateur connu Lee Jordan
26%
Aucun quiz correspondant
Distribution des résultats
% des personnes avec chaque résultat
Percentile par nombre de réponses
Votre historique - résultats
Vous n’avez pas pris ce quiz